000 00423nam a2200169 i 4500
001 bg
100 1 _aGöbel, Klaus.
245 0 _aZigiel Konstruktionen in Hochbau /
_cKlaus Göbel, Konrad Gatz.
260 _aMünchen :
_bG. Calwey,
_c1969.
300 _as. 224 :
_bilustr.
700 1 _aGatz, Konrad.
040 _cBPK
041 _apol
080 _a693.22
942 _cKS
008 s pl f |000 0 pol
999 _c8405
_d8405
856 _uhttp://koha.tu.koszalin.pl/cgi-bin/koha/opac-detail.pl?biblionumber=8405
_yKatalog online BPK